Central Library OPAC University of Rajshahi

Fundamentals of modern psychology / (Record no. 28952)

MARC details
000 -LEADER
fixed length control field 00653nam a22002292a 4500
001 - CONTROL NUMBER
control field 28952
003 - CONTROL NUMBER IDENTIFIER
rucl marc code BD-RjUL
005 - DATE AND TIME OF LATEST TRANSACTION
control field 20211209051343.0
008 - FIXED-LENGTH DATA ELEMENTS--GENERAL INFORMATION
fixed length control field 140401s1965 i a 000 0 eng d
035 ## - SYSTEM CONTROL NUMBER
System control number (BD-RjUL)29036
040 ## - CATALOGING SOURCE
Original cataloging agency DLC
Transcribing agency XFM
Modifying agency SER
-- UKM
-- BD-RjUL
Language of cataloging eng
041 ## - LANGUAGE CODE
Language code of text/sound track or separate title eng
082 ## - DEWEY DECIMAL CLASSIFICATION NUMBER
Classification number 150
Author mark and year BAF 1965
100 1# - MAIN ENTRY--PERSONAL NAME
Personal name Banerjee, Jyotish Chandra,
Dates associated with a name 1905-
9 (RLIN) 88464
245 10 - TITLE STATEMENT
Title Fundamentals of modern psychology /
Statement of responsibility, etc. [by] J.C. Banerjee
Number of part/section of a work Part I
260 ## - PUBLICATION, DISTRIBUTION, ETC. (IMPRINT)
Place of publication, distribution, etc. New York :
Name of publisher, distributor, etc. Asia Pub. House,
Date of publication, distribution, etc. c1965.
300 ## - PHYSICAL DESCRIPTION
Pagination xxx, 317 p. :
Illustrations ill. ;
Size 22 cm
650 #0 - SUBJECT ADDED ENTRY--TOPICAL TERM
Topical term or geographic name as entry element Psychology
9 (RLIN) 88465
942 ## - ADDED ENTRY ELEMENTS (KOHA)
Source of classification or shelving scheme Dewey Decimal Classification
Koha item type Books
Holdings
Lost status Source of classification or shelving scheme Damaged status Not for loan Collection code Permanent Location Current Location Shelving location Date acquired Total Checkouts Full call number Date last seen Copy number Koha item type
  Dewey Decimal Classification   Added to bundle Non-fiction Central Library, University of Rajshahi Central Library, University of Rajshahi Reading Room 01/04/2014   150 BAF 1965 01/04/2014 C-1 Books